Stolica do Kraju: Azja – Sprint - Statystyki

Ogólne statystyki
  • Ten quiz został rozwiązany 12 razy
  • Średni wynik to 20 z 49
Statystyki odpowiedzi
Stolica Państwo % Poprawnych
Abu Zabi Zjednoczone Emiraty Arabskie
100%
Ankara Turcja
88%
Astana Kazachstan
75%
Erywań Armenia
63%
Baku Azerbejdżan
63%
Manama Bahrajn
63%
Dhaka Bangladesz
63%
Pekin Chiny
63%
Nikozja Cypr
63%
Nowe Delhi Indie
63%
Bagdad Irak
63%
Amman Jordania
63%
Damaszek Syria
63%
Aszchabad Turkmenistan
63%
Rijad Arabia Saudyjska
50%
Tokio Japonia
50%
Sana Jemen
50%
Doha Katar
50%
Katmandu Nepal
50%
Islamabad Pakistan
50%
Duszanbe Tadżykistan
50%
Kabul Afganistan
38%
Tbilisi Gruzja
38%
Teheran Iran
38%
Jerozolima Izrael
38%
Biszkek Kirgistan
38%
Pjongjang Korea Północna
38%
Seul Korea Południowa
38%
Kuwejt Kuwejt
38%
Maskat Oman
38%
Bangkok Tajlandia
38%
Taszkent Uzbekistan
38%
Thimphu Bhutan
25%
Bandar Seri Begawan Brunei
25%
Bejrut Liban
25%
Male Malediwy
25%
Kuala Lumpur Malezja
25%
Singapur Singapur
25%
Hanoi Wietnam
25%
Manila Filipiny
13%
Dżakarta Indonezja
13%
Phnom Penh Kambodża
13%
Kolombo / Sri Dźajawardanapura Kotte Sri Lanka
13%
Dili Timor Wschodni
13%
Wientian Laos
0%
Naypyidaw Mjanma
0%
Ułan Bator Mongolia
0%
Moskwa Rosja
0%
Tajpej Tajwan
0%
Nie znaleziono quizów pasujących do podanych kryteriów
Rozkład punktacji
Procent ludzi z każdym wynikiem
Percentyl według liczby udzielonych odpowiedzi
Twoja historia wyników
Nie rozwiązałeś tego quizu